000 00845nam0a22002531 4500
001 rc\702885
005 20250621215714.0
035 _a(NLR Aleph) 005938573
090 _a6654446
_c6654446
100 _a20031121d1985 |||y0rusy50 ca
101 0 _arus
102 _aRU
105 _aa |||||||||
200 1 _aАлгоритм и программа построения карт изолиний в треугольных сетках
210 _aДубна
_cОИЯИ
_d1985
215 _a13 с.
_cил.
_d20
225 1 _aСообщения Объединенного института ядерных исследований
_vР11-85-714
320 _aБиблиогр.: с. 13 (10 назв.)
700 1 _aЧик
_bВ.
801 0 _aRU
_bNLR
_gpsbo
801 1 _aRU
_bELAR
_2rusmarc
852 _aNLR
_j85-6/8447
942 _cBOOK
980 _aNB